000 00374nam a2200133Ia 4500
008 220216s9999 xx 000 0 und d
100 _aRajapkse S
_cet al
245 0 _aGenetic linkage mapping in peach using morphological, RFLP and RAPD markers
260 _bTheoretical and Applied Genetics
_c1995
300 _a503-510
650 _aRAPD
650 _aRFLP
942 _cJS
999 _c59836
_d59836